[Event "Feria de las Flores 28th"]
[Site "Medellin"]
[Date "2021.08.04"]
[Round "1"]
[White "Jimenez, Joseph"]
[Black "Gonzalez Lopez, Nicolas Mateo"]
[Result "0-1"]
[WhiteElo "1831"]
[BlackElo "2205"]
[PlyCount "64"]
[EventDate "2021.08.04"]
[EventType "swiss"]
[EventRounds "9"]
[EventCountry "COL"]
[SourceTitle "EXT 2022"]
[Source "ChessBase"]
[SourceDate "2021.10.06"]
[SourceVersion "1"]
[SourceVersionDate "2021.10.06"]
[SourceQuality "1"]

1. e4 c6 2. d4 d5 3. e5 Bf5 4. Nc3 e6 5. g4 Bg6 6. Nge2 Ne7 7. h4 h5 8. Nf4 hxg4 9. Nxg6 Nxg6 10. h5 c5 11. Qxg4 cxd4 12. hxg6 Rxh1 13. Qf3 Rxf1+ 14. Kxf1 fxg6 15. Ne2 Nc6 16. Qg4 Qd7 17. Nf4 0-0-0 18. Nxg6 Bc5 19. a3 Kb8 20. Nf4 Re8 21. Nd3 Bb6 22. Ke2 Rc8 23. Bd2 Ne7 24. Qxg7 Rxc2 25. Rh1 a5 26. Rc1 Rxc1 27. Bxc1 Kc7 28. Qf8 Nc8 29. Bd2 Qh7 30. Qf4 Qe4+ 31. Qxe4 dxe4 32. Nf4 Kd7 0-1

[Event "COL-ch Amateurs U2300"]
[Site "Bogota"]
[Date "2021.06.26"]
[Round "5"]
[White "Quinonez Garcia, Santiago"]
[Black "Jimenez, Joseph"]
[Result "1/2-1/2"]
[WhiteElo "2240"]
[BlackElo "1655"]
[PlyCount "105"]
[EventDate "2021.06.23"]
[EventType "swiss"]
[EventRounds "7"]
[EventCountry "COL"]
[SourceTitle "CBM 203 Extra"]
[Source "ChessBase"]
[SourceDate "2021.09.30"]
[SourceVersion "1"]
[SourceVersionDate "2021.09.30"]
[SourceQuality "1"]

1. d4 Nf6 2. c4 b6 3. Nc3 Bb7 4. Qc2 e6 5. Nf3 Bb4 6. a3 Bxc3+ 7. Qxc3 Ne4 8. Qc2 f5 9. e3 Qf6 10. b4 a5 11. b5 d6 12. Bb2 Qh6 13. Nd2 Nxd2 14. Qxd2 Nd7 15. f3 0-0 16. Bd3 Qh4+ 17. Qf2 Qxf2+ 18. Kxf2 e5 19. g3 e4 20. Bc2 exf3 21. d5 Rae8 22. Kxf3 Ne5+ 23. Bxe5 Rxe5 24. Rhe1 Bc8 25. Rad1 Bd7 26. Rd4 Be8 27. Ke2 Bh5+ 28. Kd2 Bg4 29. Bd1 Bh3 30. Bf3 g5 31. Re2 Rf6 32. Rf2 Kg7 33. Bd1 Rf7 34. Bf3 Kg6 35. Bg2 Bxg2 36. Rxg2 Re4 37. Rxe4 fxe4 38. Ke2 g4 39. Rf2 Rf3 40. Rg2 h5 41. Rf2 h4 42. Rg2 Kg5 43. Rg1 Kh6 44. Rg2 Kg6 45. Rg1 hxg3 46. hxg3 Kg5 47. Rg2 Rf6 48. Rh2 Rf7 49. Rh1 Re7 50. Rh8 Rf7 51. Rg8+ Kh5 52. Rh8+ Kg5 53. Rh1 1/2-1/2

[Event "COL-ch Amateurs U2300"]
[Site "Bogota"]
[Date "2021.06.24"]
[Round "2"]
[White "Salcedo, Jackeline"]
[Black "Jimenez, Joseph"]
[Result "0-1"]
[WhiteElo "2062"]
[BlackElo "1655"]
[PlyCount "71"]
[EventDate "2021.06.23"]
[EventType "swiss"]
[EventRounds "7"]
[EventCountry "COL"]
[SourceTitle "CBM 203 Extra"]
[Source "ChessBase"]
[SourceDate "2021.09.30"]
[SourceVersion "1"]
[SourceVersionDate "2021.09.30"]
[SourceQuality "1"]

1. d4 Nf6 2. Nf3 g6 3. c4 Bg7 4. Nc3 d6 5. e4 0-0 6. Be2 e5 7. 0-0 exd4 8. Nxd4 Re8 9. f3 c6 10. Nc2 Be6 11. Be3 Qe7 12. Qd2 Na6 13. Rfd1 Red8 14. Bg5 Rd7 15. Qe3 Qf8 16. Qf2 Nc7 17. Be3 Qb8 18. Rac1 Nh5 19. Nd4 Nf6 20. f4 Bg4 21. h3 Bxe2 22. Ndxe2 Re7 23. c5 Nxe4 24. Nxe4 Rxe4 25. Ng3 Rb4 26. cxd6 Nd5 27. Rxd5 cxd5 28. d7 Rc4 29. Rxc4 dxc4 30. f5 Qd6 31. Ne4 Qxd7 32. fxg6 fxg6 33. Nf6+ Bxf6 34. Qxf6 Rd8 35. Qh4 b5 36. Kh2 0-1

[Event "COL-chT Cup"]
[Site "Bogota"]
[Date "2015.06.08"]
[Round "6.2"]
[White "Jimenez, Joseph"]
[Black "Orejuela, Arcindo"]
[Result "1-0"]
[WhiteElo "1757"]
[BlackElo "2067"]
[PlyCount "28"]
[EventDate "2015.06.06"]
[EventType "team-swiss"]
[EventRounds "6"]
[EventCountry "COL"]
[SourceTitle "CBM 166 Extra"]
[Source "ChessBase"]
[SourceDate "2015.06.18"]
[SourceVersion "1"]
[SourceVersionDate "2015.06.18"]
[SourceQuality "1"]
[WhiteTeam "Bogota Sicoopweb"]
[BlackTeam "Choco"]
[WhiteTeamCountry "COL"]
[BlackTeamCountry "COL"]

1. e4 c5 2. Nf3 e6 3. d4 cxd4 4. Nxd4 a6 5. Nc3 Qc7 6. Be3 Nf6 7. f3 Nc6 8. Qd2 Bb4 9. a3 Ba5 10. Nb3 Bb6 11. g4 Ne5 12. Qf2 Nexg4 13. Bxb6 Nxf2 14. Bxc7 Nxh1 1-0

[Event "COL-chT Cup"]
[Site "Bogota"]
[Date "2015.06.06"]
[Round "2.2"]
[White "Torres Rojas, Yuber Andres"]
[Black "Jimenez, Joseph"]
[Result "1-0"]
[WhiteElo "2000"]
[BlackElo "1757"]
[PlyCount "59"]
[EventDate "2015.06.06"]
[EventType "team-swiss"]
[EventRounds "6"]
[EventCountry "COL"]
[SourceTitle "CBM 166 Extra"]
[Source "ChessBase"]
[SourceDate "2015.06.18"]
[SourceVersion "1"]
[SourceVersionDate "2015.06.18"]
[SourceQuality "1"]
[WhiteTeam "Shabaku Cun"]
[BlackTeam "Bogota Sicoopweb"]
[WhiteTeamCountry "COL"]
[BlackTeamCountry "COL"]

1. e4 d6 2. Nf3 Nf6 3. Nc3 g6 4. d3 Bg7 5. Be2 a6 6. 0-0 b5 7. a3 c5 8. h3 Nc6 9. Rb1 Nd4 10. Be3 Nxe2+ 11. Qxe2 Bb7 12. Nh2 Bc6 13. f4 Qc7 14. Ng4 Nh5 15. Qf2 Qb7 16. f5 gxf5 17. Qxf5 Ng3 18. Qxf7+ Kd7 19. Qxg7 Nxf1 20. Rxf1 Kc7 21. Qxe7+ Kb6 22. Qxd6 a5 23. Nd5+ Ka6 24. Nc7+ Ka7 25. Bxc5+ Kb8 26. Ne6+ Kc8 27. Rf8+ Rxf8 28. Qxf8+ Kd7 29. Qe7+ Kc8 30. Qd8# 1-0

[Event "COL-ch U20"]
[Site "Bogota"]
[Date "2015.03.13"]
[Round "3"]
[White "Soto, Miguel Angel"]
[Black "Jimenez, Joseph"]
[Result "1-0"]
[WhiteElo "1999"]
[BlackElo "1760"]
[PlyCount "53"]
[EventDate "2015.03.12"]
[EventType "swiss"]
[EventRounds "7"]
[EventCountry "COL"]
[SourceTitle "CBM 165 Extra"]
[Source "ChessBase"]
[SourceDate "2015.04.21"]
[SourceVersion "1"]
[SourceVersionDate "2015.04.21"]
[SourceQuality "1"]

1. e4 c5 2. Nf3 Nc6 3. d4 cxd4 4. Nxd4 e5 5. Nb5 d6 6. a4 Nf6 7. N1c3 a6 8. Na3 Be7 9. Be3 0-0 10. Nc4 Be6 11. Nb6 Rb8 12. Bc4 Ng4 13. Nbd5 Nxe3 14. Nxe3 Bxc4 15. Nxc4 b5 16. axb5 axb5 17. Ne3 Nd4 18. Ne2 Nxe2 19. Qxe2 Bg5 20. Nd5 f5 21. 0-0 fxe4 22. Qg4 Bf4 23. Ra7 Bg5 24. h4 Bf6 25. Rd7 Qe8 26. Nxf6+ Rxf6 27. Qxg7# 1-0

[Event "COL-ch U20"]
[Site "Bogota"]
[Date "2015.03.12"]
[Round "2"]
[White "Jimenez, Joseph"]
[Black "Toro Castaneda, Miguel Angel"]
[Result "1-0"]
[WhiteElo "1760"]
[BlackElo "1514"]
[PlyCount "73"]
[EventDate "2015.03.12"]
[EventType "swiss"]
[EventRounds "7"]
[EventCountry "COL"]
[SourceTitle "CBM 165 Extra"]
[Source "ChessBase"]
[SourceDate "2015.04.21"]
[SourceVersion "1"]
[SourceVersionDate "2015.04.21"]
[SourceQuality "1"]

1. e4 c5 2. Nf3 d6 3. d4 cxd4 4. Nxd4 Nf6 5. Nc3 g6 6. f3 Bg7 7. Be3 0-0 8. Qd2 Nc6 9. 0-0-0 Nxd4 10. Bxd4 Be6 11. g4 Qa5 12. Kb1 Rfc8 13. h4 Rab8 14. g5 Nh5 15. Bxg7 Kxg7 16. Qd4+ Kg8 17. Nd5 Bxd5 18. exd5 b5 19. Bh3 Rc4 20. Qe3 Qc7 21. Rhe1 Rb7 22. Rd4 Rxc2 23. Re4 Rh2 24. Rc1 Qa5 25. Rxe7 Qb4 26. Re8+ Kg7 27. Qc3+ Qxc3 28. Rxc3 Rxh3 29. Rcc8 Nf6 30. gxf6+ Kxf6 31. Rcd8 Rxh4 32. Rxd6+ Kf5 33. Rc6 h5 34. d6 Rd7 35. Re7 Rxe7 36. dxe7 Rh1+ 37. Rc1 1-0

[Event "Bogota Region-ch U10"]
[Site "Bogota"]
[Date "2015.02.15"]
[Round "4.1"]
[White "Jimenez, Joseph"]
[Black "Ribero, David Felipe"]
[Result "1-0"]
[WhiteElo "1675"]
[BlackElo "1960"]
[PlyCount "32"]
[EventDate "2015.02.14"]
[EventType "swiss"]
[EventRounds "6"]
[EventCountry "COL"]
[SourceTitle "EXT 2024"]
[Source "ChessBase"]
[SourceDate "2023.10.10"]
[SourceVersion "1"]
[SourceVersionDate "2023.10.10"]
[SourceQuality "1"]

1. e4 e5 2. Nf3 Nc6 3. Bb5 a6 4. Ba4 Bc5 5. c3 d6 6. 0-0 Nf6 7. Qe2 0-0 8. Rd1 Re8 9. h3 h6 10. d3 Bb6 11. Be3 Bxe3 12. Qxe3 Bd7 13. Bc2 Be6 14. d4 Qc8 15. d5 Bd7 16. dxc6 Bxc6 1-0

[Event "COL-ch School U13"]
[Site "Bogota"]
[Date "2014.11.17"]
[Round "5.2"]
[White "Alvarez Angel, Nelson Eduardo"]
[Black "Jimenez, Joseph"]
[Result "1-0"]
[WhiteElo "1668"]
[BlackElo "1705"]
[PlyCount "65"]
[EventDate "2014.11.14"]
[EventType "swiss"]
[EventRounds "6"]
[EventCountry "COL"]
[SourceTitle "EXT 2024"]
[Source "ChessBase"]
[SourceDate "2023.10.10"]
[SourceVersion "1"]
[SourceVersionDate "2023.10.10"]
[SourceQuality "1"]

1. e4 d6 2. d4 Nf6 3. Nc3 e6 4. Nf3 Be7 5. Bd3 Nbd7 6. 0-0 e5 7. Be3 0-0 8. dxe5 Nxe5 9. Nxe5 dxe5 10. h3 b6 11. Qe2 Bb7 12. Rad1 Bd6 13. Bg5 h6 14. Bh4 g5 15. Bg3 Qe7 16. h4 Nh7 17. Qh5 Qe6 18. hxg5 hxg5 19. Nd5 Kg7 20. Ne3 Rh8 21. Bc4 Qg6 22. Nf5+ Kf8 23. Qxg6 fxg6 24. Nxd6 cxd6 25. Rxd6 Ke7 26. Re6+ Kd7 27. Rd1+ Kc8 28. Re7 Nf8 29. Re8+ Kc7 30. Bxe5+ Kc6 31. Bd5+ Kb5 32. Rxa8 Bxa8 33. Bxh8 1-0

[Event "COL-ch U10"]
[Site "Bogota"]
[Date "2014.06.01"]
[Round "5"]
[White "Rodriguez Valencia, Sebastian"]
[Black "Jimenez, Joseph"]
[Result "1-0"]
[WhiteElo "1457"]
[BlackElo "1673"]
[PlyCount "57"]
[EventDate "2014.05.29"]
[EventType "swiss"]
[EventRounds "7"]
[EventCountry "COL"]
[SourceTitle "CBM 160 Extra"]
[Source "ChessBase"]
[SourceDate "2014.07.01"]
[SourceVersion "1"]
[SourceVersionDate "2014.07.01"]
[SourceQuality "1"]

1. d4 d5 2. Nf3 Nf6 3. c4 dxc4 4. e3 e6 5. Nbd2 b5 6. a4 c6 7. g3 Bb4 8. Qc2 Qa5 9. b3 Bc3 10. Ra2 cxb3 11. Qxb3 b4 12. Ne5 Qd5 13. Qxd5 Nxd5 14. Bb2 b3 15. Bxc3 bxa2 16. Ba1 Nd7 17. Nef3 Rb8 18. Bd3 Nb4 19. Bc4 Ba6 20. Ke2 Bxc4+ 21. Nxc4 Nc2 22. Nfd2 Nb6 23. Nb2 Nxa1 24. Rxa1 Nd5 25. Nd1 Nc3+ 26. Nxc3 Ke7 27. Rxa2 a5 28. Nc4 Ra8 29. Rb2 1-0

[Event "COL-ch U10"]
[Site "Bogota"]
[Date "2014.05.31"]
[Round "4"]
[White "Jimenez, Joseph"]
[Black "Florez, Santiago"]
[Result "1-0"]
[WhiteElo "1673"]
[BlackElo "1264"]
[PlyCount "30"]
[EventDate "2014.05.29"]
[EventType "swiss"]
[EventRounds "7"]
[EventCountry "COL"]
[SourceTitle "CBM 160 Extra"]
[Source "ChessBase"]
[SourceDate "2014.07.01"]
[SourceVersion "1"]
[SourceVersionDate "2014.07.01"]
[SourceQuality "1"]

1. d4 d5 2. c4 e6 3. Nc3 Nf6 4. Bf4 Be7 5. e3 0-0 6. c5 c6 7. Bd3 Nbd7 8. h3 Re8 9. Nf3 Nf8 10. Qc2 Ng6 11. Bh2 Bd7 12. 0-0 Bc8 13. b4 Nd7 14. b5 Qc7 15. Bxc7 Bf6 1-0

[Event "COL-ch U10"]
[Site "Bogota"]
[Date "2014.05.30"]
[Round "3"]
[White "Cardoso Cardoso, Jose Gabriel"]
[Black "Jimenez, Joseph"]
[Result "1-0"]
[WhiteElo "1804"]
[BlackElo "1673"]
[PlyCount "51"]
[EventDate "2014.05.29"]
[EventType "swiss"]
[EventRounds "7"]
[EventCountry "COL"]
[SourceTitle "CBM 160 Extra"]
[Source "ChessBase"]
[SourceDate "2014.07.01"]
[SourceVersion "1"]
[SourceVersionDate "2014.07.01"]
[SourceQuality "1"]

1. e4 c5 2. Nf3 Nc6 3. Bb5 e6 4. 0-0 Nge7 5. Nc3 a6 6. Bxc6 Nxc6 7. d4 cxd4 8. Nxd4 Bc5 9. Nxc6 bxc6 10. e5 0-0 11. Ne4 Qe7 12. Qg4 Kh8 13. Bd2 d5 14. Nxc5 Qxc5 15. Bb4 Qxc2 16. Bxf8 Qg6 17. Qxg6 hxg6 18. Rac1 Bd7 19. Bd6 Ra7 20. Rc3 f6 21. f4 a5 22. Rb3 Kh7 23. Rff3 Kg8 24. Rb8+ Bc8 25. Rxc8+ Kh7 26. Rh3# 1-0

[Event "COL-ch U10"]
[Site "Bogota"]
[Date "2014.05.30"]
[Round "2"]
[White "Lopez Ramirez, David Santiago"]
[Black "Jimenez, Joseph"]
[Result "0-1"]
[WhiteElo "1502"]
[BlackElo "1673"]
[PlyCount "96"]
[EventDate "2014.05.29"]
[EventType "swiss"]
[EventRounds "7"]
[EventCountry "COL"]
[SourceTitle "CBM 160 Extra"]
[Source "ChessBase"]
[SourceDate "2014.07.01"]
[SourceVersion "1"]
[SourceVersionDate "2014.07.01"]
[SourceQuality "1"]

1. e4 c5 2. Nf3 Nc6 3. Bb5 e6 4. 0-0 Nge7 5. d3 a6 6. Bxc6 Nxc6 7. Bf4 d6 8. Re1 Qf6 9. Qc1 e5 10. Bg5 Qg6 11. Nh4 Qh5 12. Nf5 Bxf5 13. exf5 f6 14. Be3 Qxf5 15. Nc3 Be7 16. Ne4 d5 17. Ng3 Qg6 18. Qd1 d4 19. Bd2 0-0 20. h4 f5 21. h5 Qf7 22. c3 f4 23. Ne4 f3 24. g4 Qe8 25. Ng3 Bh4 26. Nf5 Rxf5 27. gxf5 Qxh5 28. Re4 dxc3 29. bxc3 Qxf5 30. Rxh4 Qg6+ 31. Bg5 Qxg5+ 32. Kf1 Qg2+ 33. Ke1 Qg1+ 34. Kd2 Qxf2+ 35. Kc1 Qxh4 36. Qb3+ Kf8 37. Qxb7 Qe1+ 38. Kb2 Qd2+ 39. Kb1 Qd1+ 40. Kb2 Qd2+ 41. Kb1 Rb8 42. Qxb8+ Nxb8 43. a4 Nc6 44. Ra2 Qd1+ 45. Kb2 Na5 46. Ra3 f2 47. c4 Qd2+ 48. Kb1 f1R# 0-1

[Event "COL-ch U08"]
[Site "Santander"]
[Date "2012.06.18"]
[Round "9"]
[White "Mantilla Ortiz, Juan David"]
[Black "Jimenez, Joseph"]
[Result "0-1"]
[WhiteElo "1313"]
[BlackElo "1409"]
[PlyCount "78"]
[EventDate "2012.06.13"]
[EventType "tourn"]
[EventRounds "9"]
[EventCountry "COL"]
[SourceTitle "EXT 2014"]
[Source "ChessBase"]
[SourceDate "2013.11.20"]
[SourceVersion "1"]
[SourceVersionDate "2013.11.20"]
[SourceQuality "1"]

1. e4 c5 2. Nf3 d6 3. Nc3 g6 4. Bc4 Bg7 5. d3 Bg4 6. Be3 Nc6 7. 0-0 Nf6 8. Re1 0-0 9. h3 Bxf3 10. Qxf3 Ne5 11. Qd1 Qb6 12. b3 Nxc4 13. dxc4 Ng4 14. Bd2 Ne5 15. Rb1 f5 16. exf5 Rxf5 17. Bf4 Rxf4 18. Nd5 Rd4 19. Nxb6 Rxd1 20. Nxa8 Rd2 21. f4 Nf7 22. Rxe7 Bd4+ 23. Kf1 Rf2+ 24. Ke1 Rxg2 25. Rxb7 Rg1+ 26. Kd2 Rxb1 27. Rxa7 Rh1 28. a4 Rxh3 29. a5 Bc3+ 30. Ke2 Rh2+ 31. Ke3 Bxa5 32. Rxa5 h5 33. Kf3 h4 34. Ra1 Rxc2 35. Rh1 Rc3+ 36. Kg4 Nh6+ 37. Kg5 Kg7 38. Rxh4 Rg3+ 39. Rg4 Rxg4# 0-1

[Event "COL-ch U08"]
[Site "Santander"]
[Date "2012.06.15"]
[Round "4"]
[White "Jimenez, Joseph"]
[Black "Tobar Beltran, Carlos Andres"]
[Result "1-0"]
[WhiteElo "1409"]
[BlackElo "1261"]
[PlyCount "73"]
[EventDate "2012.06.13"]
[EventType "tourn"]
[EventRounds "9"]
[EventCountry "COL"]
[SourceTitle "EXT 2014"]
[Source "ChessBase"]
[SourceDate "2013.11.20"]
[SourceVersion "1"]
[SourceVersionDate "2013.11.20"]
[SourceQuality "1"]

1. e4 e5 2. Nf3 Nf6 3. Nxe5 d6 4. Nf3 Nxe4 5. Nc3 Nxc3 6. dxc3 Bg4 7. h3 Bh5 8. Bc4 Be7 9. Qd5 Nc6 10. Qxh5 Qd7 11. Bf4 g6 12. Qd5 Rf8 13. Bh6 0-0-0 14. Bxf8 Rxf8 15. 0-0-0 Bf6 16. Be2 Re8 17. Bc4 Rf8 18. Ng5 Bxg5+ 19. Qxg5 Ne5 20. Bb3 f5 21. Rhe1 Nf7 22. Qf6 Qd8 23. Qg7 Ne5 24. Rxe5 dxe5 25. Rxd8+ Rxd8 26. Be6+ Kb8 27. Qf6 Re8 28. Bd7 Rg8 29. Qf7 Rd8 30. Qe7 Rg8 31. Be8 a6 32. Qxe5 Rxe8 33. Qxe8+ Ka7 34. Qd7 c6 35. Qxh7 g5 36. Qxf5 g4 37. Qxg4 1-0

[Event "COL-ch U08"]
[Site "Santander"]
[Date "2012.06.14"]
[Round "3"]
[White "Rojas Hernandez, Santiago"]
[Black "Jimenez, Joseph"]
[Result "0-1"]
[WhiteElo "1306"]
[BlackElo "1409"]
[PlyCount "52"]
[EventDate "2012.06.13"]
[EventType "tourn"]
[EventRounds "9"]
[EventCountry "COL"]
[SourceTitle "EXT 2014"]
[Source "ChessBase"]
[SourceDate "2013.11.20"]
[SourceVersion "1"]
[SourceVersionDate "2013.11.20"]
[SourceQuality "1"]

1. e4 d5 2. exd5 Qxd5 3. Nf3 Bg4 4. Be2 Nf6 5. Nc3 Qa5 6. d3 e6 7. a3 Bc5 8. h3 Bh5 9. 0-0 Nc6 10. Bd2 0-0-0 11. Qb1 Bb6 12. Bg5 Bxf3 13. Bxf3 Qxg5 14. Bxc6 bxc6 15. Qd1 Nh5 16. Qf3 Rd4 17. Ne2 Rd5 18. c4 Rdd8 19. Qxc6 Qe5 20. Nc3 Ng3 21. Rfe1 Qf6 22. c5 Rd6 23. cxd6 Qxf2+ 24. Kh2 Qf4 25. Qf3 Nf1+ 26. Kh1 Qh2# 0-1